000 00348nam a2200145Ia 4500
008 090124s9999 xx 000 0 und d
082 _b302802
245 _a अंकुर
250 _a1
260 _bवैद्य संगीता
_c1993
300 _a142
630 _a अंकुर
730 _a अंकुर
942 _cBOOK
999 _c192439
_d192439